Frontières du Kazakhstan. - Statistiques

Statistiques générales
  • Ce quiz a été pris 332 fois
  • Le résultat moyen est 5 sur 5
Statistiques - réponses
Longueur Pays frontalier % Correct
6846 km Russie
100%
1533 km Chine
96%
2203 km Ouzbékistan
95%
379 km Turkménistan
94%
1051 km Kirghizistan
91%
Aucun quiz correspondant
Distribution des résultats
% des personnes avec chaque résultat
Percentile par nombre de réponses
Votre historique - résultats
Vous n’avez pas pris ce quiz